LEADER 01446nam a2200337 a 4500 001 000000128484 003 CaOOAMICUS 005 20120420145127.0 008 120420s2011 it u000 u ita r 020 $a978-88-16-30496-3 040 $aPUL$bita 082 04$a282.092 100 1 $aNegri, Luigi,$csac.,$d1941-$0(OLS)http://pul/name/35418 245 10$aFede e cultura :$bscritti scelti /$cLuigi Negri ; prefazioni di Gianfranco Dalmasso e Andrea Bellandi. 260 $aMilano :$bJaca Book,$c©2011. 300 $aXVI, 605 p. ;$c24 cm 490 1 $aGią e non ancora ;$v496 500 $aComprende indici. 504 $aInclude bibliografia. 600 04$aIohannes Paulus PP.$bII,$cs.,$d1920-2005$xConcilio Vaticano II.$0(OLS)http://pul/subject/15576 700 1 $aBellandi, Andrea,$d1960-$0(OLS)http://pul/name/23519 700 1 $aDalmasso, Gianfranco,$d1943-$0(OLS)http://pul/name/26756 830 0$aGią e non ancora ;$v496.$0(OLS)http://pul/title/129 850 $aPUL 852 $aPUL$W1$xSL Religione 3$y85$m282. 092 NEGLU 1$j148810$qDDC 21$B147336$CPULBib$Z2$F147336 $H118227 $82 941 1 $a9 996 $6020$a978-88-16-30496-3$9(OLS)http://pul/number/149466 996 $6082$a282.092$9(OLS)http://pul/classification/402 996 $6245$aFede e cultura :$bscritti scelti$9(OLS)http://pul/title/162364 996 $6260$aMilano :$bJaca Book$9(OLS)http://pul/publisher/47900 LEADER 01268nam a2200301 u 4500 001 000000116163 003 CaOOAMICUS 005 20090612115612.0 008 090612s2009 it u000 u ita r 020 $z978-88-211-6694-5* 040 $aPUL$bita$dLDB 041 1 $aita$hrus 100 1 $aPiotrovskij, Mikhail,$d1944-$0(OLS)http://pul/name/72130 240 10$aKoranic tales.$lItaliano.$0(OLS)http://pul/title/145978 245 13$aLe visioni del Corano /$cMikhail Piotrovskij ; a cura di Sergio Noja Noseda. 260 $aGenova ;$aMilano :$bMarietti,$c2009. 300 $a230 p. ;$c21 cm 490 1 $aCollana di saggistica ;$v117 504 $aBibliografia: p. [219]-230. 630 04$aCorano.$0(OLS)http://pul/subject/9691 700 1 $aNoja, Sergio.$0(OLS)http://pul/name/8179 830 0$aCollana di saggistica (Marietti) ;$v117.$0(OLS)http://pul/title/132886 850 $aPUL 852 $aPUL$W1$xSL Religione 3$y85$m297. 122 PIOMI 1$j133100$qDDC 21$B132119$CPULBib$Z2$F132119 $H110709 $82 941 1 $a9 996 $6020$z978-88-211-6694-5*$9(OLS)http://pul/number/141099 996 $6245$aLe visioni del Corano$9(OLS)http://pul/title/145979 996 $6260$aGenova ;$aMilano :$bMarietti$9(OLS)http://pul/publisher/74601 LEADER 01235cam a2200325 a 4500 001 000000158414 003 CaOOAMICUS 005 20180725091113.0 008 170131s2016 it 0000u ita r 020 $a978-88-921-0599-7* 032 $aLibriCat 040 $aPUL$bita 082 04$a344.01 100 1 $aMagnani, Mariella.$0(OLS)http://pul/name/71514 245 10$aDiritto sindacale /$cMariella Magnani. 250 $a3. ed. 260 $aTorino :$bG. Giappichelli,$c©2016. 300 $aXII, 220 p. ; $c24 cm. 500 $aIn cop.: La mia libreria. 504 $aContiene riferimenti bibliografici. 650 4$aSindacati.$0(OLS)http://pul/subject/12691 650 4$aDiritto del lavoro$zItalia.$0(OLS)http://pul/subject/2593 850 $aPUL 852 $aPUL$W1$xSL Diritto e Scienze Sociali 3$y79$m344. 01 MAGMA 1$j181737$qDDC 21$B184895$CPULBib$Z2$F184895 $H128888 $81 941 1 $a9 996 $6020$a978-88-921-0599-7*$9(OLS)http://pul/number/161985 996 $6082$a344.01$9(OLS)http://pul/classification/1870 996 $6245$aDiritto sindacale$9(OLS)http://pul/title/53517 996 $6260$aTorino :$bG. Giappichelli$9(OLS)http://pul/publisher/49130